000 01870nam a2200229 a 4500
001 000047911
005 20201002060815.0
008 181003s20uu dr 000 0 spa d
040 _aDO-SdBNP
_bspa
_cBNPHU
082 _axxx
_bxxx
100 1 _aPeñate Rivero, Orlando
_975472
245 1 0 _aOrden económico y seguridad social ; El futuro de la seguridad social en América Latina /
_cPeñate Rivero, Orlando ; prólogo Rafael Alburquerque.
260 _a[Santo Domingo], :
_b[CERSS ],
_c[200-?].
300 _a84 p. ;
_c24 cm.
500 _aIncluye datos biográficos del autor p. 84
504 _aBibliografía : p. 82-83
505 0 _aPrólogo /
_rRafael Alburquerque --
_tPresentación --
_tIntroducción --
_tAtecedentes históricos de la seguridad social --
_tSeguridad social --
_tDisficultades para fijar el concepto de seguridad social --
_tAlgunas definiciones de seguridad social --
_tDeliniación de un concepto --
_tSeguridad social : un derecho humano --
_tPrincipios de la seguridad social --
_tSeguridad social y sistema económico --
_tEl estado de bienestar --
_tLa crisis del estado de bienestar --
_tSituación y tendencias del los sistemas de seguridad social en el contexto de las crisis que atraviesa el estado de bienestar --
_tSituación y tendencias de la seguridad social en Europa --
_tLa seguridad social en América Latina --
_tAntecedentes históricos --
_tSituación y tendencias actuales de la seguridad social en América Latina --
_tLa seuguridad social en Cuba --
_tLos seguros sociales antes del triunfo de la revolución --
_tDe los seguros sociales a la seguridad social --
_tSeguridad social para todos --
_tBibliografía.
563 _aDos obras encuadernadas juntas con páginación continua
590 _aInventariado, 2019/ VM
700 1 _aAlburquerque, Rafael
_epról.
_97243
740 3 _aEl futuro de la seguridad social en América Latina
999 _c47399
_d47399